LEADER 01106nam a2200241 i 4500 001 000000052930 003 CaOOAMICUS 005 20150928000000.0 008 150928s1974 it u000 u ita u 013 $a24102 040 $aSeMil$bita 100 1 $aAliberti, Giovanni.$0(OLS)http://semarc/name/26128 245 10$aAmbiente e societą nell'Ottocento meridionale /$cGiovanni Aliberti. 260 $aRoma :$bEdizioni di Storia e Letteratura,$c1974. 300 $a160 p., [7] c. di carte geografiche :$btabelle ;$c26 cm. 490 0 $aBiblioteca di storia sociale ;$v2 650 4$aItalia meridionale - Storia.$0(OLS)http://semarc/subject/10915 650 4$aNapoli - Storia sociale - Sec. 19.$0(OLS)http://semarc/subject/10916 830 0$aBiblioteca di storia sociale ;$v2.$0(OLS)http://semarc/title/610 850 $aSeMil 852 $aSeMil$W1$xVenegono$y1$m3N VI 198$j19084$B19084$CSeMilBibl$Z2$F19086 $81 996 $6245$aAmbiente e societą nell'Ottocento meridionale$9(OLS)http://semarc/title/81395 996 $6260$aRoma :$bEdizioni di Storia e Letteratura$9(OLS)http://semarc/publisher/29779 LEADER 01545nam a2200313 i 4500 001 000000229594 003 CaOOAMICUS 005 20140514000000.0 008 140514s1980 it u000 u ita u 013 $a208496 020 $a88-7006-081-0 040 $aSeMil$bita 100 1 $aLoi, Vincenzo.$0(OLS)http://semarc/name/39884 245 10$aSan Paolo e l'interpretazione teologica del messaggio di Gesł /$cVincenzo Loi. 260 $aL'Aquila :$bJapadre,$ccopyr. 1980. 300 $a181 p. ;$c20 cm. 490 0 $aCollana di testi storici ;$v11 600 04$aPaolo .$0(OLS)http://semarc/subject/1316 650 4$aBibbia. Nuovo Testamento. Lettere di Paolo - Commentari, studi, critica, interpretazioni.$0(OLS)http://semarc/subject/935 650 4$aGiustificazione.$0(OLS)http://semarc/subject/5986 650 4$aBibbia - NT - Lettere di Paolo - Teologia.$0(OLS)http://semarc/subject/9624 650 4$aBibbia - NT - Lettere di Paolo - Escatologia.$0(OLS)http://semarc/subject/32560 650 4$aPaolo - Soteriologia.$0(OLS)http://semarc/subject/39718 830 0$aCollana di testi storici ;$v11.$0(OLS)http://semarc/title/10169 850 $aSeMil 852 $aSeMil$W1$xVenegono$y1$m2Z I 215$j179940$B179940$CSeMilBibl$Z2$F191050 $81 996 $6020$a88-7006-081-0$9(OLS)http://semarc/number/232064 996 $6245$aSan Paolo e l'interpretazione teologica del messaggio di Gesł$9(OLS)http://semarc/title/328357 996 $6260$aL'Aquila :$bJapadre$9(OLS)http://semarc/publisher/32077